Most Tweeted About - Statistics

General Stats
  • This quiz has been taken 12 times
  • The average score is 13 of 40
Answer Stats
Answer % Correct
Politicians Donald Trump
91%
Joe Biden
91%
Barack Obama
73%
Justin Bieber
64%
Hillary Clinton
55%
Kobe Bryant
55%
LeBron James
55%
Tom Brady
55%
Ariana Grande
45%
Beyonce
45%
Kanye West
45%
Lionel Messi
45%
Vladimir Putin
45%
Bernie Sanders
36%
Billie Eilish
36%
Musicians BTS
36%
Cristiano Ronaldo
36%
Emmanuel Macron
36%
Lady Gaga
36%
Alexandria Ocasio-Cortez
27%
Drake
27%
Narendra Modi
27%
Rihanna
27%
Serena Williams
27%
Actors Tom Holland
27%
Chris Evans
18%
Chris Hemsworth
18%
Athletes Neymar
18%
Robert Downey Jr.
18%
Cardi B
9%
Jair Bolsonaro
9%
Jennifer Lopez
9%
Mark Ruffalo
9%
Zendaya
9%
Cameron Boyce
0%
Kanna Hashimoto
0%
Kawhi Leonard
0%
Keanu Reeves
0%
Megan Rapinoe
0%
Naomi Osaka
0%
No matching quizzes found
Score Distribution
Percent of People with Each Score
Percentile by Number Answered
Your Score History
You have not taken this quiz